000 00969naa a2200241 i 4500
001 1431
003 ES-MaBCM
005 20241016090545.0
008 880328s1987 ita 000 0 ita d
021 _axx
035 _a(OCoLC)1365227392
040 _cES-MaBCM
041 0 _aita
043 _aita
100 1 _aPanetta, Antonio
_935224
245 1 0 _aOsservazioni sulla decretazione di necessità e di urgenza nella Costituzione spagnola
_cAntonio Panetta
520 _aEl art. 86 de la Constitución española. Silencio sobre la decadencia de los decretos no convalidados. Relación entre Parlamento y Gobierno. Transformación en proyecto de Ley del decreto no convalidado y la rectificación de los decretos ley. Control del Tribunal Constitucional
650 7 _aDecreto ley
_958230
651 2 4 _aEspaña
_9115342
655 4 _aLegislación comentada
_9115338
773 0 _aEn:
_tDiritto e società
_dPadova : 1987
_w104388
_gnº 3 ; p. 463-474
942 _cAREV
999 _c1431
_d1431